书目信息 |
| 题名: |
歌德谈话录
|
|
| 作者: | ;朱光潜 译 | |
| 分册: | ||
| 出版信息: | 北京 人民文学出版社 1978.9 |
|
| 页数: | 288页 | |
| 开本: | 32开 | |
| 丛书名: | ||
| 单 册: | ||
| 中图分类: | I516.6 | |
| 科图分类: | ||
| 主题词: | 文学 | |
| 电子资源: | ||
| ISBN: | ||
| 000 | 00608nam0 2200217 45 | |
| 001 | 0181020657 | |
| 005 | 20070730111648.50 | |
| 010 | @dCNY0.91 | |
| 091 | @a10019.2623 | |
| 100 | @a20810111d1978 km y0chiy0120 ea | |
| 101 | 0 | @achi@cger |
| 105 | @a z 000zy | |
| 200 | 1 | @a歌德谈话录@AGe De Tan Hua Lu@f(德)爱克曼辑录@F(De)Ai Ke Man Ji Lu@g朱光潜译 |
| 210 | @a北京@c人民文学出版社@d1978.9 | |
| 215 | @a288页@d32开 | |
| 606 | 0 | @a文学 |
| 690 | @aI516.6@v3 | |
| 700 | 0 | @a爱克曼辑录@AAi Ke Man Ji Lu |
| 702 | 0 | @a朱光潜@AZhu Guang Qian@4译 |
| 801 | @aCN@bTSTC@c20070730 | |
| 905 | @dI516.6@e13@f1@b7340 | |
| 歌德谈话录/(德)爱克曼辑录/朱光潜译.-北京:人民文学出版社,1978.9 |
| 288页;32开 |
| ISBN :CNY0.91 |
| ● |
| 相关链接 |
|
|
|
|
正题名:歌德谈话录
索取号:I516.6/13
 
预约/预借
| 序号 | 登录号 | 条形码 | 馆藏地/架位号 | 状态 | 备注 |
| 1 | 0007340 | 001619608 | 密集书库/ [索取号:I516.6/13] | 在馆 | |
| 2 | 0786963 | 207869635 | 密集书库/ [索取号:I516.6/13] | 在馆 |